header

Multiple myeloma (Record no. 148897)

MARC details
000 -LEADER
fixed length control field 01325nam a2200277 a 4500
245 00 - TITLE STATEMENT
Title Multiple myeloma
260 ## - PUBLICATION, DISTRIBUTION, ETC. (IMPRINT)
Place of publication [U.S.A.] :
Name of publisher Bentham Science Publishers,
Year of publication [2012]
300 ## - PHYSICAL DESCRIPTION
Number of Pages vi, 204 p. :
Other physical details ill. (some col.), ports.
505 0# - FORMATTED CONTENTS NOTE
Formatted contents note section 1. Multiple myeloma -- section 2. Treatment guidelines -- section 3. The bone marrow microenvironment and the pathogenesis of multiple myeloma -- section 4. New treatment strategies.
650 #0 - SUBJECT ADDED ENTRY--TOPICAL TERM
Topical Term Multiple myeloma
700 1# - ADDED ENTRY--PERSONAL NAME
Personal name Podar, Klaus.
Personal name Anderson, Kenneth C.
856 40 - ELECTRONIC LOCATION AND ACCESS
Uniform Resource Identifier http://site.ebrary.com/lib/rucke/Doc?id=10534341

No items available.

© 2026 Rongo University
Contact us: librarian | system librarian | Rongo university